书目信息 |
| 题名: |
儿童文学教程
|
|
| 作者: | 黄云生 主编 | |
| 分册: | ||
| 出版信息: | 杭州 浙江大学出版社 1996 |
|
| 页数: | 577页 | |
| 开本: | 20cm | |
| 丛书名: | ||
| 单 册: | ||
| 中图分类: | I058 | |
| 科图分类: | ||
| 主题词: | 儿童文学 , 文学理论 , 儿童文学--文学理论--高等学校--教材 | |
| 电子资源: | ||
| ISBN: | 7-308-02358-3 | |
| 000 | 00735nam0 2200241 45 | |
| 001 | 060000020424 | |
| 005 | 20051014112036.34 | |
| 010 | @a7-308-02358-3@dCNY20.00 | |
| 100 | @a20050222e20041996ekmy0chiy0120 ea | |
| 101 | 0 | @achi |
| 102 | @aCN@b330000 | |
| 105 | @ay z 000yy | |
| 200 | 1 | @a儿童文学教程@9er tong wen xue jiao cheng@f黄云生主编@Fhuang yun sheng zhu bian |
| 210 | @a杭州@c浙江大学出版社@d1996@h2004重印 | |
| 215 | @a577页@d20cm | |
| 330 | @a本书共包括两部分内容:儿童文学理论和儿童文学作品选评 | |
| 606 | 0 | @a儿童文学 |
| 606 | 0 | @a文学理论 |
| 606 | 0 | @a儿童文学@x文学理论@x高等学校@j教材 |
| 690 | @aI058@v4 | |
| 701 | 0 | @a黄云生@Ahuang yun sheng@4主编 |
| 801 | 0 | @aCN@bTSSF@c20051014 |
| 905 | @a10447@dI058@e128 | |
| 儿童文学教程/黄云生主编.-杭州:浙江大学出版社,1996(2004重印) |
| 577页;20cm |
| ISBN 7-308-02358-3:CNY20.00 |
| 本书共包括两部分内容:儿童文学理论和儿童文学作品选评 |
| ● |
| 相关链接 |
|
|
|
|
正题名:儿童文学教程
索取号:I058/128
 
预约/预借
| 序号 | 登录号 | 条形码 | 馆藏地/架位号 | 状态 | 备注 |
| 1 | 0366847 | 3668472 | 第一样本阅览室/ [索取号:I058/128] | 在馆 | |
| 2 | 0366848 | 3668481 | 第二借阅区/ [索取号:I058/128] | 在馆 | |
| 3 | 0366849 | 3668490 | 第二借阅区/ [索取号:I058/128] | 在馆 | |
| 4 | 0366850 | 3668506 | 第二借阅区/ [索取号:I058/128] | 在馆 | |
| 5 | 0366851 | 3668515 | 第二借阅区/ [索取号:I058/128] | 在馆 |